1551 1859 1766 1880 1542 1079 1474 1302 1245 1157 1807 1489 1852 1493 1966 1070 1144 1976 1012 1406 1557 1009 1098 1671 1884 1949 1023 1309 1887 1726 1820 1370 1726 1874 1200 1293 1765 1789 1614 1208 1288 1188 1594 1186 1299 1334 1709 1082 1049 1173 1235 1008 1770 1865 1257 1882 1228 1858 1567 1304 1957 1985 1343 1099 1023 1644 1741 1259 1449 1894 1195 1253 1845 1246 1156 1278 1189 1778 1330 1926 1151 1613 1221 1402 1996 1378 1071 1614 1743 1328 1411 1011 1870 1133 1666 1554 1628 1709 1038 BCNSPRNW ULIB Ver.6.0+V

เปลี่ยนเป็นภาษาไทย

Change to English
 แสดงรายละเอียดบรรณานุกรม
  กลับหน้าหลัก

Brief Record : Get Marc (ISO 2709) : E-mail record : QR code < ปิดหน้าต่าง
LEADER : 00000nam 2200000uu 4500
001    13399113569
003     ULIB
008    111128s2552||||th 000 0 tha d
020    ^a9786110600842
090    ^aนว.^bณ111ห 2552
100 0  ^aณ มน
245 00 ^aหัวใจใต้แสงดาว/^cณ มน
250    ^aพิมพ์ครั้งที่ 2
260    ^aกรุงเทพฯ :^bแจ่มใส,^c2552
300    ^a251 หน้า
710 1  ^aแจ่มใส
945    ^p219^l0^i15773
995    ^aกัณชพร
999    ^aใช้งานได้ทุกระบบ
รายการนี้ยังไม่มีแท็ก
คุณยังไม่ได้ล็อกอิน คุณสามารถมีกิจกรรมร่วมกับเว็บไซต์ได้ แต่ต้องล็อกอินก่อน ::
  ล็อกอิน

รายการสื่อสารสนเทศ

ลำดับที่ ประเภท เลขเรียก/บาร์โค้ด สถานที่ สถานะ
1. นวนิยาย
นวนิยาย
นว. ณ111ห 2552  
  Barcode: 15773
ห้องสมุดวิทยาเขตสวรรค์ประชารักษ์
►นวนิยาย
บนชั้น
  ขอยืม

BibComment


ยังไม่เคยถูกคอมเมนท์

คอมเมนท์ทรัพยากรรายการนี้
  คอมเมนท์: หัวใจใต้แสงดาว ณ..


 Copyright 2026. Bcnsprnw @Library